000 00419nam a2200181Ia 4500
003 OSt
005 20140402144952.0
008 140130s9999 xx 000 0 und d
050 _aPZ 7
_b.B5338Sf 2005
245 _cBlackwood, Gary
_aShakespeare's spy
260 _bScholastic,
_c2003
300 _a280 p. :
_c21 cm.
440 _v1
_931174
521 _aG6
526 _c850
942 _cBK
_2lcc
999 _c41214
_d41214